<?xml version="1.0" encoding="UTF-8"?>
<record
    xmlns:xsi="http://www.w3.org/2001/XMLSchema-instance"
    xsi:schemaLocation="http://www.loc.gov/MARC21/slim http://www.loc.gov/standards/marcxml/schema/MARC21slim.xsd"
    xmlns="http://www.loc.gov/MARC21/slim">

  <leader>00884nam a22002175i 4500</leader>
  <controlfield tag="001">162301</controlfield>
  <controlfield tag="003">ES-MaACL</controlfield>
  <controlfield tag="005">20250725063223.0</controlfield>
  <controlfield tag="008">000208s1856    fr           |||| | grc d</controlfield>
  <datafield tag="040" ind1=" " ind2=" ">
    <subfield code="a">CCPB | B </subfield>
    <subfield code="b">spa </subfield>
    <subfield code="c">CCPB | B</subfield>
  </datafield>
  <datafield tag="100" ind1="0" ind2=" ">
    <subfield code="a">Plutarco</subfield>
    <subfield code="9">92678</subfield>
  </datafield>
  <datafield tag="245" ind1="1" ind2="0">
    <subfield code="a">Plutarchi scripta moralia </subfield>
    <subfield code="b">: graece et latine / </subfield>
    <subfield code="c">ex codicibus quos possidet regia bibliotheca omnibus ab Kont cum reiskiana editione collatis emendavit Fredericus D&#xFC;bner.</subfield>
  </datafield>
  <datafield tag="260" ind1=" " ind2=" ">
    <subfield code="a">Parisiis : </subfield>
    <subfield code="b">editore Ambrosio Firmin Didot, </subfield>
    <subfield code="c">1856 (</subfield>
    <subfield code="f">Excudebant Firmin Didot Frates)</subfield>
  </datafield>
  <datafield tag="300" ind1=" " ind2=" ">
    <subfield code="a">2 v. ; </subfield>
    <subfield code="c">26 cm.</subfield>
  </datafield>
  <datafield tag="490" ind1="1" ind2=" ">
    <subfield code="a">Plutarchi operum ; </subfield>
    <subfield code="v">3 ; 4</subfield>
  </datafield>
  <datafield tag="594" ind1=" " ind2=" ">
    <subfield code="a">Texto paralelo en griego y lat&#xED;n a dos col.</subfield>
  </datafield>
  <datafield tag="700" ind1="1" ind2=" ">
    <subfield code="a">D&#xFC;bner, Friedrich (</subfield>
    <subfield code="d">1802-1867)</subfield>
    <subfield code="9">149228</subfield>
  </datafield>
  <datafield tag="830" ind1="0" ind2=" ">
    <subfield code="a">Plutarchi operum ; </subfield>
    <subfield code="v">3 ; 4</subfield>
    <subfield code="9">222186</subfield>
  </datafield>
  <datafield tag="852" ind1=" " ind2=" ">
    <subfield code="a">ES-MaACL</subfield>
    <subfield code="j">B-2488-89 </subfield>
    <subfield code="z">-- Enc. hol.</subfield>
  </datafield>
  <datafield tag="999" ind1=" " ind2=" ">
    <subfield code="c">162301</subfield>
    <subfield code="d">162301</subfield>
  </datafield>
  <datafield tag="952" ind1=" " ind2=" ">
    <subfield code="0">0</subfield>
    <subfield code="1">0</subfield>
    <subfield code="4">0</subfield>
    <subfield code="7">0</subfield>
    <subfield code="8">LIBXIX</subfield>
    <subfield code="a">ATENEOM</subfield>
    <subfield code="b">ATENEOM</subfield>
    <subfield code="c">SPB</subfield>
    <subfield code="d">2008-01-17</subfield>
    <subfield code="l">0</subfield>
    <subfield code="o">B-2488-89</subfield>
    <subfield code="p">1170034</subfield>
    <subfield code="r">2023-02-23 00:00:00</subfield>
    <subfield code="w">2023-02-23</subfield>
    <subfield code="y">MONANT</subfield>
  </datafield>
</record>
